00694cam a22002657a 4500003000500000005001700005008004100022010001000063011001000073020001500083035001000098040000900108082002200117110000800139245007300147260002400220300002000244410000800264490003500272650003000307650003200337700001600369810000800385830003500393CHAP20220817043809.0010925d2000 it a rn 00110 fre d a84721 a85693 a9252043764 a96228 cCHAP04a333.72bF3 f v.342 aFAO10aLes parcs agroforestiers en Afrique subsahariennec/ par J.M. Boffa. aRome :bFAO,c1999. a258 p. :bilus. aFAO 0aGuía de conservaciónv; 3414aAgroforesteríaxAfrica.14aParques nacionalesxAfrica.00aBoffa, J.M.0 aFAO00aGuía de conservaciónv; 34